|
|
|
|
| LEADER |
01674nam a2200469 a 4500 |
| 001 |
nkc20122346279 |
| 003 |
CZ PrNK |
| 005 |
20130325111223.0 |
| 007 |
ta |
| 008 |
120306s2012 xr k e f 000 0 cze |
| 015 |
|
|
|a cnb002346279
|
| 020 |
|
|
|a 978-80-87063-82-8
|q (brož.)
|
| 035 |
|
|
|a (OCoLC)837501232
|
| 040 |
|
|
|a BOA001
|b cze
|d ABA001
|
| 072 |
|
7 |
|a 37
|x Výchova a vzdělávání
|2 Konspekt
|9 22
|
| 080 |
|
|
|a 37.012
|2 MRF
|
| 080 |
|
|
|a 37.043.2
|2 MRF
|
| 080 |
|
|
|a 37.014.5
|2 MRF
|
| 080 |
|
|
|a (049.5)
|2 MRF
|
| 080 |
|
|
|a (072)
|2 MRF
|
| 100 |
1 |
|
|a Lukas, Josef,
|d 1970-
|7 mzk2008479643
|4 aut
|
| 245 |
1 |
0 |
|a Připravenost školy k inkluzivnímu vzdělávání :
|b dotazník pro učitele /
|c Josef Lukas
|
| 260 |
|
|
|a Praha :
|b Národní ústav pro vzdělávání,
|c 2012
|
| 300 |
|
|
|a 19 s. :
|b formuláře ;
|c 21 cm
|
| 490 |
1 |
|
|a Evaluační nástroje ;
|v 19
|
| 504 |
|
|
|a Obsahuje bibliografii a bibliografické odkazy
|
| 650 |
0 |
7 |
|a autoevaluace školy
|7 ph731021
|2 czenas
|
| 650 |
0 |
7 |
|a integrovaná výchova a vzdělávání
|7 ph121132
|2 czenas
|
| 650 |
0 |
7 |
|a vzdělávací politika
|7 ph127308
|2 czenas
|
| 650 |
0 |
9 |
|a school self-evaluation
|2 eczenas
|
| 650 |
0 |
9 |
|a integrated education
|2 eczenas
|
| 650 |
0 |
9 |
|a educational policy
|2 eczenas
|
| 655 |
|
7 |
|a metodické příručky
|7 fd132826
|2 czenas
|
| 655 |
|
7 |
|a dotazníky
|7 fd200805
|2 czenas
|
| 655 |
|
9 |
|a methodological manuals
|2 eczenas
|
| 655 |
|
9 |
|a questionnaires
|2 eczenas
|
| 830 |
|
0 |
|a Evaluační nástroje
|0 s
|
| 910 |
2 |
|
|a BOA001
|b 2-1300.526
|
| 990 |
|
|
|a BK
|
| 995 |
|
|
|a 01
|
| 991 |
|
|
|b 201303
|c NOV
|e n
|
| 996 |
6 |
|
|b 2610540284
|c 2-1300.526
|l MZK
|r Sklad / do 1 hodiny
|n 4
|p p.v.
|w 001314582
|u 000010
|a 1
|e BOA001
|j MZK50
|s P
|